000 00544cam a22001934a 4500
005 20250605164157.0
008 250528s ||||||||||||||||||||||||d
035 _a19635
020 _a9609078826
040 _aGR-AtMCL
_bgre
_dGR-AtMCL
_eAACR2
245 1 _aΜΕΘΟΔΟΛΟΓΙΑ ΤΗΣ ΣΥΓΧΡΟΝΗΣ ΔΙΔΑΣΚΑΛΙΑΣ ΤΟΜΟΣ Α
250 _a3
260 _bΑυτοεκδοση,
_c2008
300 _a328
700 1 _aΤριλιανος Θανασης Α
_95844
942 _cBK
999 _c4891
_d4891